Catálogo de los recursos pesqueros continentales de Colombia : (Registro nro. 8562)

Detalles MARC
000 -CABECERA
Campo de control 01078nam a22002417a 4500
005 - FECHA Y HORA DE LA ULTIMA TRANSACCION
Campo de control 20170923020002.0
008 - ELEMENTOS DE LONGITUD FIJA—INFORMACION GENERAL
Campo de control 130220s2011 ck ab gr 00010 spa d
041 0# - IDIOMA
Código de idioma para texto/pista de sonido o título separado Español
044 ## - PAÍS DE PUBLICACIÓN
País de publicación Colombia
082 04 - NUMERO DE CLASIFICACION DECIMAL DEWEY
Número de clasificación 639.27
Número del ítem L17c2
100 1# - ASIENTO PRINCIPAL--NOMBRE PERSONAL
Nombre personal Lasso, Carlos A.
245 10 - MENCION DE TITULO
Título Catálogo de los recursos pesqueros continentales de Colombia :
Parte restante del título memoria técnica y explicativa, resumen ejecutivo /
Mención de responsabilidad Carlos A. Lasso, Mónica A. Morales-Betancourt.
260 ## - PUBLICACION, DISTRIBUCION, ETC. (PIE DE IMPRENTA)
Lugar de publicación, distribución, etc. Bogotá :
Nombre del editor, distribuidor, etc. Ministerio de Ambiente, Vivienda y Desarrollo Territorial :
-- Instituto de Investigación de Recursos Biológicos Alexander von Humboldt,
Fecha de publicación, distribución, etc. 2011.
300 ## - DESCRIPCION FISICA
Extensión 117 p. :
Otros detalles físicos il. ;
Dimensiones 24 cm.
490 0# - MENCION DE SERIE
Mención de serie Serie recursos hidrobiológicos y pesqueros continentales de Colombia
504 ## - NOTA DE BIBLIOGRAFIA, ETC.
Nota de bibliografía Incluye bibliografía.
650 #4 - ASIENTO SECUNDARIO DE MATERIA - TERMINO TEMATICO
Término temático o nombre geográfico como elemento de entrada Recursos pesqueros
Subdivisión geográfica Colombia
Subdivisión de forma Memorias
650 #4 - ASIENTO SECUNDARIO DE MATERIA - TERMINO TEMATICO
Término temático o nombre geográfico como elemento de entrada Recursos acuáticos
Subdivisión geográfica Colombia
Subdivisión de forma Memorias
650 #4 - ASIENTO SECUNDARIO DE MATERIA - TERMINO TEMATICO
Término temático o nombre geográfico como elemento de entrada Pesca exploratoria
Subdivisión general Investigaciones
Subdivisión geográfica Colombia.
700 1# - ASIENTO SECUNDARIO - NOMBRE PERSONAL
Nombre personal Morales-Betancourt, Mónica A.
942 ## - ELEMENTOS ADICIONALES (KOHA)
Sistema de clasificación Dewey Decimal Classification
Tipo de ítem Libro
Koha issues (borrowed), all copies 4
949 ## - LOCAL PROCESSING INFORMATION (OCLC)
a
Existencias
Withdrawn status Lost status Sistema de Clasificación Damaged status No para préstamo Colección Inventariado Ubicación Permanente Ubicación actual Fecha de adquisición Fuente de Valor Valor Total Checkouts Número topográfico Inventario / Código de Barras Date last seen Ejemplar Price effective from Forma de adquisición Tipo de material Date checked out
    Dewey Decimal Classification     Humboldt Inventariado 2017 Bogotá Bogotá 23/07/2014 Instituto 45000.00   IAVH-639.27 L17c2 028570 23/07/2014 E. 1 23/07/2014 Institucional Libro  
    Dewey Decimal Classification     Humboldt Inventariado 2017 Bogotá Bogotá 23/07/2014 Instituto 45000.00   IAVH-639.27 L17c2 028571 23/07/2014 Ej. 2 23/07/2014 Institucional Libro  
    Dewey Decimal Classification     Humboldt Inventariado 2017 Sala Fabio Quevedo Sala Fabio Quevedo 23/07/2014 Instituto 45000.00 1 IAVH-639.27 L17c2 038182 22/09/2017 Ej. 3 23/07/2014 Institucional Libro 22/09/2017